000 00281nam a2200121Ia 4500
008 191201s2012 xx 000 0 und d
100 _aGUPTA,J B
245 0 _aBasic Electrical Engineering
250 _aRep
260 _c2012
_bkatson
_aNEW DELHI
300 _a635
942 _2ddc
_cBK
999 _c8081
_d8081